[Event "SRB-chT Men 1st League 2019"]
[Site "Subotica"]
[Date "2019.08.25"]
[Round "4.6"]
[White "Besedes, Danilo"]
[Black "Ostojic, Nikola"]
[Result "1/2-1/2"]
[WhiteElo "2249"]
[BlackElo "2432"]
[Annotator "ChessBase"]
[PlyCount "27"]
[EventDate "2019.08.23"]
[EventType "team-tourn"]
[EventCountry "SRB"]
[SourceTitle "playchess.com"]
[Source "ChessBase"]
[SourceQuality "1"]
[TimeControl "40/5400+30:1800+30"]

1. Nf3 {[%emt 0:00:12]} c5 {[%emt 0:00:23]} 2. c4 {[%emt 0:00:18]} Nc6 {[%emt 0:00:22]} 3. b3 {[%emt 0:01:17]} Nf6 {[%emt 0:03:40]} 4. Bb2 {[%emt 0:00:12]} e6 {[%emt 0:01:39]} 5. e3 {[%emt 0:00:34]} Be7 {[%emt 0:00:18]} 6. Nc3 {[%emt 0:03:27]} O-O {[%emt 0:00:14]} 7. Be2 {[%emt 0:02:32]} b6 {[%emt 0:01:26]} 8. O-O {[%emt 0:00:20]} Bb7 {[%emt 0:00:08]} 9. d4 {[%emt 0:00:17]} cxd4 {[%emt 0:03:39]} 10. Nxd4 {[%emt 0:01:59]} Qb8 {[%emt 0:03:46]} 11. Nxc6 {[%emt 0:02:50]} Bxc6 {[%emt 0:01:00]} 12. Bf3 {[%emt 0:00:09]} Rd8 {[%emt 0:02:09]} 13. Bxc6 {[%emt 0:01:12]} dxc6 {[%emt 0:00:04]} 14. Qe2 {[%emt 0:00:08]} 1/2-1/2

[Event "SRB-chT Men 1st League 2019"]
[Site "Subotica"]
[Date "2019.08.25"]
[Round "4.7"]
[White "Rublevsky, Sergei"]
[Black "Kadric, Denis"]
[Result "1/2-1/2"]
[WhiteElo "2652"]
[BlackElo "2558"]
[Annotator "TA"]
[PlyCount "83"]
[EventDate "2019.08.23"]
[EventType "team-tourn"]
[EventCountry "SRB"]
[SourceTitle "playchess.com"]
[Source "ChessBase"]
[SourceQuality "1"]

{[%evp 15,83,28,62,39,35,23,12,16,32,0,48,12,16,11,11,7,17,22,26,26,23,21,23,16,25,25,36,19,19,25,47,40,98,47,43,37,58,34,64,31,45,28,28,27,41,41,40,40,39,31,26,25,46,29,47,34,47,24,41,28,29,24,36,32,37,37,38,33,30,30]} 1. e4 d6 2. d4 Nf6 3. Nc3 e5 4. dxe5 dxe5 5. Qxd8+ Kxd8 6. Bc4 Ke8 7. Nf3 Bd6 8. Bg5 c6 9. O-O-O {B07: Pirc Defence: Miscellaneous Systems} Bc7 10. Rd2 (10. Bxf6 gxf6 11. Nh4 Be6 12. Bxe6 fxe6 13. Rd3 Nd7 14. Rhd1 Rd8 15. Ne2 Rg8 16. Rh3 Kf7 {½-½ (70) Vachier Lagrave,M (2762)-Jobava,B (2713) Dubai 2014}) 10... Nbd7 11. Rhd1 {The position is equal.} b5 $146 ({Predecessor:} 11... a6 12. Bxf6 gxf6 13. Bxf7+ Ke7 14. Nh4 Nc5 15. b4 Kxf7 16. bxc5 Ba5 {0-1 (63) Breder,D (2429)-Pridorozhni,A (2553) Pardubice 2010}) 12. Bf1 a6 13. Bxf6 gxf6 14. Nh4 Nc5 15. f3 Ke7 16. a3 Nb7 17. Nf5+ Bxf5 18. exf5 Rhd8 19. Ne4 Nd6 20. Nxd6 Bxd6 21. Bd3 Bc5 {[#] aiming for ...Be3.} 22. Re2 Kf8 23. Be4 Rxd1+ 24. Kxd1 $14 {[%mdl 4096] Endgame KRB-KRB} Rc8 $1 25. c3 a5 26. Kc2 Bd6 27. Bd3 Rb8 28. Re4 a4 29. Re2 h6 30. Be4 Rc8 31. Kb1 Bc5 32. Rc2 Ke7 33. Rd2 Bd6 34. Kc2 Bc5 35. Rd1 Rc7 36. Re1 Kf8 37. Bd3 Rb7 38. Re4 Bd6 39. Rh4 Kg7 40. Rg4+ Kf8 41. Re4 Rb8 42. Rh4 {Accuracy: White = 42%, Black = 47%.} 1/2-1/2

[Event "SRB-chT Men 1st League 2019"]
[Site "Subotica"]
[Date "2019.08.25"]
[Round "4.8"]
[White "Brenjo, Slavisa"]
[Black "Ivanisevic, Ivan"]
[Result "1-0"]
[WhiteElo "2440"]
[BlackElo "2618"]
[Annotator "TA"]
[PlyCount "51"]
[EventDate "2019.08.23"]
[EventType "team-tourn"]
[EventCountry "SRB"]
[SourceTitle "playchess.com"]
[Source "ChessBase"]
[SourceQuality "1"]

{[%evp 16,51,25,33,27,23,22,24,77,91,100,106,97,118,110,89,193,175,291,314,532,542,539,522,763,767,722,720,1594,1575,29983,1680,29986,29987,29996,29997,29997,29998]} 1. e4 c5 2. Nf3 Nc6 3. d4 cxd4 4. Nxd4 e5 5. Nb5 d6 6. N1c3 a6 7. Na3 Be6 8. Nc4 b5 9. Ne3 Nf6 {B32: Sicilian: Löwenthal and Kalashnikov Variations} 10. Bd3 (10. g3 g6 11. Bg2 Bh6 12. O-O O-O 13. Bd2 Rc8 14. Ncd5 Bxd5 15. exd5 Ne7 16. a4 Qb6 17. axb5 axb5 {½-½ (57) Vocaturo,D (2607)-Radjabov,T (2741) Heraklio 2017}) 10... Nb4 11. a4 bxa4 $146 (11... Nxd3+ $11 {remains equal.} 12. Qxd3 b4) ({Predecessor:} 11... Nxd3+ 12. Qxd3 b4 13. Ncd5 Nxd5 14. Nxd5 Qa5 15. c4 bxc3 16. b4 Qd8 17. Qxc3 Bxd5 18. exd5 {1-0 (45) Iordache,C (2271)-Lew,T (2278) ICCF email 2014}) 12. Rxa4 $16 a5 13. Bb5+ Bd7 14. Bxd7+ Qxd7 15. Nc4 {[#] Hoping for Nb6.} Nxe4 (15... Qe6 $16 16. Qe2 (16. Rxa5 Rxa5 17. Nxa5 Be7 $16) (16. Nxa5 d5 $14) 16... Be7) 16. Nb6 $18 Qf5 (16... Qc6 {might work better.}) 17. Qe2 Rb8 $2 {[#]} ({Much weaker is} 17... Nxc3 18. bxc3 Nxc2+ 19. Kd1 $18) (17... Qxf2+ 18. Qxf2 Nxf2) 18. Qb5+ $1 ({Less strong is} 18. Nxe4 Rxb6 19. Rxa5 d5 $11) 18... Kd8 19. O-O Nc5 20. Rxa5 Nxc2 21. Be3 Nd4 22. Bxd4 exd4 23. Ncd5 (23. Ra7 $142 Qe6 24. Qc6 Rc8 25. Nxc8 Qxc8 26. Qb6+ Ke8 27. Re1+ Ne6 28. Qb5+ Kd8 29. Nd5) 23... Qxd5 24. Re1 {White mates.} ({Not} 24. Nxd5 Rxb5 25. Rxb5 Kd7 $18) 24... Qb3 25. Re8+ Kc7 26. Ra7+ {Accuracy: White = 85%, Black = 21%.} 1-0

[Event "SRB-chT Men 1st League 2019"]
[Site "Subotica"]
[Date "2019.08.25"]
[Round "4.9"]
[White "Miladinovic, Igor"]
[Black "Vratonjic, Slobo"]
[Result "1-0"]
[WhiteElo "2532"]
[BlackElo "2388"]
[Annotator "ChessBase"]
[PlyCount "84"]
[EventDate "2019.08.23"]
[EventType "team-tourn"]
[EventCountry "SRB"]
[SourceTitle "playchess.com"]
[Source "ChessBase"]
[SourceQuality "1"]
[TimeControl "40/5400+30:1800+30"]

1. d4 {[%emt 0:02:18]} Nf6 {[%emt 0:00:00]} 2. Bg5 {[%emt 0:00:13]} Ne4 {[%emt 0:00:17]} 3. Bf4 {[%emt 0:00:07]} c5 {[%emt 0:01:04]} 4. f3 {[%emt 0:00:12]} Qa5+ {[%emt 0:00:17]} 5. c3 {[%emt 0:00:08]} Nf6 {[%emt 0:00:16]} 6. Nd2 {[%emt 0:01:40]} cxd4 {[%emt 0:00:15]} 7. Nb3 {[%emt 0:00:12]} Qd8 {[%emt 0:00:22]} 8. cxd4 {[%emt 0:03:08]} d5 {[%emt 0:00:13]} 9. e3 {[%emt 0:00:45]} Nc6 {[%emt 0:00:12]} 10. Rc1 {[%emt 0:01:21]} e6 {[%emt 0:02:54]} 11. g4 {[%emt 0:03:26]} Bb4+ {[%emt 0:04:38]} 12. Kf2 {[%emt 0:07:14]} O-O {[%emt 0:00:52]} 13. Bb5 {[%emt 0:02:12]} Bd7 {[%emt 0:14:12]} 14. a3 {[%emt 0:06:21]} Be7 {[%emt 0:00:47]} 15. Nc5 {[%emt 0:07:47]} Bxc5 {[%emt 0:06:59]} 16. Rxc5 {[%emt 0:05:42]} Re8 {[%emt 0:03:13]} 17. Ne2 {[%emt 0:03:05]} e5 {[%emt 0:03:43]} 18. dxe5 {[%emt 0:01:07]} Nxe5 {[%emt 0:00:15]} 19. Bxe5 {[%emt 0:03:46]} Rxe5 {[%emt 0:02:14]} 20. Qd4 {[%emt 0:00:15]} b6 {[%emt 0:10:21]} 21. Qxe5 {[%emt 0:05:32]} bxc5 {[%emt 0:00:14]} 22. Bxd7 {[%emt 0:01:42]} Qxd7 {[%emt 0:00:16]} 23. Rd1 {[%emt 0:02:49]} Re8 {[%emt 0:12:40]} 24. Qf4 {[%emt 0:01:52]} Qe6 {[%emt 0:08:30]} 25. Rd2 {[%emt 0:04:14]} h6 {[%emt 0:01:27]} 26. h4 {[%emt 0:00:25]} h5 {[%emt 0:05:02]} 27. g5 {[%emt 0:03:36]} d4 {[%emt 0:00:26]} 28. e4 {[%emt 0:02:43]} Nd7 {[%emt 0:00:18]} 29. b4 {[%emt 0:04:27]} Ne5 {[%emt 0:04:38]} 30. bxc5 {[%emt 0:00:52]} Qc4 {[%emt 0:01:07]} 31. Rxd4 {[%emt 0:07:54]} Qxd4+ {[%emt 0:06:13]} 32. Nxd4 {[%emt 0:00:02]} Nd3+ {[%emt 0:00:09]} 33. Ke3 {[%emt 0:00:03]} Nxf4 {[%emt 0:00:07]} 34. Kxf4 {[%emt 0:00:01]} Rd8 {[%emt 0:00:26]} 35. Ke3 {[%emt 0:03:41]} Rc8 {[%emt 0:01:27]} 36. c6 {[%emt 0:02:44]} Kf8 {[%emt 0:00:18]} 37. e5 {[%emt 0:01:12]} g6 {[%emt 0:01:29]} 38. Ke4 {[%emt 0:00:22]} Ke7 {[%emt 0:06:43]} 39. Kd5 {[%emt 0:00:14]} a6 {[%emt 0:00:21]} 40. f4 {[%emt 0:00:00]} Rc7 {[%emt 0:00:00]} 41. a4 {[%emt 0:02:27]} Rc8 {[%emt 0:03:47]} 42. a5 {[%emt 0:01:56]} Ra8 {[%emt 0:01:47]} 1-0

[Event "SRB-chT Men 1st League 2019"]
[Site "Subotica"]
[Date "2019.08.25"]
[Round "4.10"]
[White "Radovic, Janko"]
[Black "Miljkovic, Miroslav D"]
[Result "1/2-1/2"]
[WhiteElo "2430"]
[BlackElo "2483"]
[Annotator "ChessBase"]
[PlyCount "68"]
[EventDate "2019.08.23"]
[EventType "team-tourn"]
[EventCountry "SRB"]
[SourceTitle "playchess.com"]
[Source "ChessBase"]
[SourceQuality "1"]
[TimeControl "40/5400+30:1800+30"]

1. e4 {[%emt 0:00:00]} c5 {[%emt 0:00:00]} 2. Nf3 {[%emt 0:00:00]} Nc6 {[%emt 0:00:00]} 3. Bb5 {[%emt 0:00:00]} e5 {[%emt 0:00:22]} 4. O-O {[%emt 0:02:22]} Bd6 {[%emt 0:00:34]} 5. b4 {[%emt 0:14:05]} cxb4 {[%emt 0:21:13]} 6. a3 {[%emt 0:02:51]} bxa3 {[%emt 0:11:36]} 7. d4 {[%emt 0:20:31]} exd4 {[%emt 0:02:46]} 8. c3 {[%emt 0:04:20]} Nge7 {[%emt 0:11:33]} 9. cxd4 {[%emt 0:02:05]} O-O {[%emt 0:03:50]} 10. e5 {[%emt 0:17:11]} Bb8 {[%emt 0:00:08]} 11. Bxa3 {[%emt 0:05:14]} d5 {[%emt 0:01:30]} 12. Nc3 {[%emt 0:03:01]} Bg4 {[%emt 0:08:11]} 13. Bxc6 {[%emt 0:01:12]} bxc6 {[%emt 0:00:54]} 14. h3 {[%emt 0:01:20]} Bd7 {[%emt 0:10:56]} 15. Na4 {[%emt 0:03:10]} Bc7 {[%emt 0:02:01]} 16. Re1 {[%emt 0:04:06]} Re8 {[%emt 0:03:06]} 17. Nc5 {[%emt 0:03:03]} Ng6 {[%emt 0:01:58]} 18. Qa4 {[%emt 0:03:46]} Nf4 {[%emt 0:01:52]} 19. Rac1 {[%emt 0:01:42]} Rb8 {[%emt 0:04:16]} 20. Nxd7 {[%emt 0:01:29]} Qxd7 {[%emt 0:00:03]} 21. Qxc6 {[%emt 0:00:06]} Qxc6 {[%emt 0:00:38]} 22. Rxc6 {[%emt 0:00:04]} Ba5 {[%emt 0:00:03]} 23. Re3 {[%emt 0:00:58]} Rec8 {[%emt 0:01:28]} 24. Rxc8+ {[%emt 0:00:42]} Rxc8 {[%emt 0:00:01]} 25. Bc5 {[%emt 0:00:08]} Bb6 {[%emt 0:03:38]} 26. Bxb6 {[%emt 0:00:34]} axb6 {[%emt 0:00:09]} 27. Rb3 {[%emt 0:00:04]} Rc6 {[%emt 0:01:49]} 28. g3 {[%emt 0:01:04]} Ne6 {[%emt 0:01:58]} 29. Kf1 {[%emt 0:01:19]} h6 {[%emt 0:03:19]} 30. Ke2 {[%emt 0:00:33]} Kf8 {[%emt 0:01:41]} 31. Ke3 {[%emt 0:03:04]} Nc7 {[%emt 0:00:21]} 32. Ne1 {[%emt 0:01:00]} Ke7 {[%emt 0:01:34]} 33. Nd3 {[%emt 0:00:12]} Kd7 {[%emt 0:00:47]} 34. f4 {[%emt 0:02:07]} g6 {[%emt 0:02:45] Ke4} 1/2-1/2

[Event "SRB-chT Men 1st League 2019"]
[Site "Subotica"]
[Date "2019.08.25"]
[Round "4.11"]
[White "Lazic, Miroljub"]
[Black "Simonovic, Aleksandar"]
[Result "1/2-1/2"]
[WhiteElo "2387"]
[BlackElo "2357"]
[Annotator "NA"]
[PlyCount "40"]
[EventDate "2019.08.23"]
[EventType "team-tourn"]
[EventCountry "SRB"]
[SourceTitle "playchess.com"]
[Source "ChessBase"]
[SourceQuality "1"]
[TimeControl "40/5400+30:1800+30"]

1. g3 {[%emt 0:00:00]} Nf6 {[%emt 0:03:30]} 2. Bg2 {[%emt 0:00:00]} d5 {[%emt 0:01:06]} 3. Nf3 {[%emt 0:00:21]} g6 {[%emt 0:00:33]} 4. c4 {[%emt 0:00:43]} c6 {[%emt 0:00:07]} 5. b3 {[%emt 0:00:10]} Bg7 {[%emt 0:00:11]} 6. Bb2 {[%emt 0:00:02]} O-O {[%emt 0:00:46]} 7. d3 {[%emt 0:00:33]} Nbd7 {[%emt 0:03:31]} 8. Nbd2 {[%emt 0:17:05]} Re8 {[%emt 0:01:33]} 9. O-O {[%emt 0:04:25]} e5 {[%emt 0:05:09]} 10. cxd5 {[%emt 0:00:45]} cxd5 {[%emt 0:02:37]} 11. e4 {[%emt 0:01:02]} dxe4 {[%emt 0:11:45]} 12. Nxe4 {[%emt 0:12:44]} Nxe4 {[%emt 0:09:26]} 13. dxe4 {[%emt 0:01:14]} Qe7 {[%emt 0:03:20]} 14. Nd2 {[%emt 0:20:10]} Nb6 {[%emt 0:09:56]} 15. Qe2 {[%emt 0:06:01]} Bd7 {[%emt 0:01:30]} 16. Rfd1 {[%emt 0:01:08]} Bc6 {[%emt 0:03:22]} 17. Nf1 {[%emt 0:00:30]} Rad8 {[%emt 0:04:37]} 18. Ne3 {[%emt 0:01:29]} Rxd1+ {[%emt 0:02:31]} 19. Rxd1 {[%emt 0:00:09]} Rd8 {[%emt 0:00:35]} 20. Rxd8+ {[%emt 0:04:10]} Qxd8 {[%emt 0:33:55]} 1/2-1/2

[Event "SRB-chT Men 1st League 2019"]
[Site "Subotica"]
[Date "2019.08.25"]
[Round "4.12"]
[White "Radovic, Luka"]
[Black "Laketic, Gojko"]
[Result "1-0"]
[WhiteElo "2328"]
[BlackElo "2376"]
[Annotator "NA"]
[PlyCount "130"]
[EventDate "2019.08.23"]
[EventType "team-tourn"]
[EventCountry "SRB"]
[SourceTitle "playchess.com"]
[Source "ChessBase"]
[SourceQuality "1"]
[TimeControl "40/5400+30:1800+30"]

1. Nf3 {[%emt 0:00:00]} d5 {[%emt 0:00:46]} 2. c4 {[%emt 0:00:48]} d4 {[%emt 0:00:36]} 3. g3 {[%emt 0:01:09]} g6 {[%emt 0:07:22]} 4. Bg2 {[%emt 0:00:32]} Bg7 {[%emt 0:00:02]} 5. O-O {[%emt 0:00:36]} c5 {[%emt 0:05:07]} 6. e3 {[%emt 0:03:23]} Nc6 {[%emt 0:04:03]} 7. d3 {[%emt 0:00:58]} dxe3 {[%emt 0:02:34]} 8. fxe3 {[%emt 0:06:20]} Nh6 {[%emt 0:01:22]} 9. Nc3 {[%emt 0:05:13]} O-O {[%emt 0:04:59]} 10. Qe2 {[%emt 0:02:20]} Bg4 {[%emt 0:23:59]} 11. h3 {[%emt 0:15:25]} Bxf3 {[%emt 0:02:30]} 12. Bxf3 {[%emt 0:00:15]} Nf5 {[%emt 0:00:03]} 13. Kg2 {[%emt 0:07:28]} Qc7 {[%emt 0:08:58]} 14. Qf2 {[%emt 0:02:35]} Ne5 {[%emt 0:00:24]} 15. Nd5 {[%emt 0:02:06]} Qd8 {[%emt 0:05:51]} 16. Be2 {[%emt 0:01:51]} e6 {[%emt 0:00:58]} 17. Nf4 {[%emt 0:02:36]} Rc8 {[%emt 0:08:18]} 18. Rd1 {[%emt 0:02:03]} a6 {[%emt 0:11:19]} 19. Rb1 {[%emt 0:06:08]} b5 {[%emt 0:00:45]} 20. b3 {[%emt 0:00:34]} bxc4 {[%emt 0:02:10]} 21. bxc4 {[%emt 0:01:39]} Qa5 {[%emt 0:00:11]} 22. Bd2 {[%emt 0:10:06]} Qa4 {[%emt 0:00:28]} 23. Bc3 {[%emt 0:03:12]} Nxc4 {[%emt 0:01:37]} 24. dxc4 {[%emt 0:01:18]} Bxc3 {[%emt 0:00:13]} 25. g4 {[%emt 0:00:01]} Ne7 {[%emt 0:01:18]} 26. Rb7 {[%emt 0:00:30]} Nc6 {[%emt 0:01:05]} 27. Rdd7 {[%emt 0:00:53]} Ne5 {[%emt 0:00:53]} 28. Re7 {[%emt 0:00:02]} Rfe8 {[%emt 0:01:59]} 29. Nxg6 {[%emt 0:02:50]} Qc6+ {[%emt 0:02:23]} 30. Kg1 {[%emt 0:01:29]} Qxb7 {[%emt 0:02:11]} 31. Rxb7 {[%emt 0:01:18]} hxg6 {[%emt 0:00:09]} 32. Rb3 {[%emt 0:01:03]} Bb4 {[%emt 0:00:49]} 33. a3 {[%emt 0:00:11]} Ba5 {[%emt 0:00:13]} 34. Qf6 {[%emt 0:01:34]} Nd7 {[%emt 0:00:33]} 35. Qg5 {[%emt 0:00:58]} Bd8 {[%emt 0:00:44]} 36. Qf4 {[%emt 0:00:57]} Bc7 {[%emt 0:00:23]} 37. Qe4 {[%emt 0:00:39]} Ne5 {[%emt 0:00:44]} 38. Rb7 {[%emt 0:01:03]} Bd6 {[%emt 0:00:19]} 39. Rb6 {[%emt 0:00:58]} Bc7 {[%emt 0:00:01]} 40. Rxa6 {[%emt 0:00:00]} Rb8 {[%emt 0:00:00]} 41. Ra7 {[%emt 0:01:51]} Bd6 {[%emt 0:01:04]} 42. a4 {[%emt 0:11:19]} Kg7 {[%emt 0:02:41]} 43. Rb7 {[%emt 0:01:16]} Rbc8 {[%emt 0:16:28]} 44. Bd1 {[%emt 0:03:49]} Rh8 {[%emt 0:00:20]} 45. Kg2 {[%emt 0:00:27]} g5 {[%emt 0:01:02]} 46. a5 {[%emt 0:04:23]} Rc6 {[%emt 0:03:06]} 47. Rb5 {[%emt 0:11:25]} Kf6 {[%emt 0:00:18]} 48. Bf3 {[%emt 0:00:27]} Rd8 {[%emt 0:03:18]} 49. Qb1 {[%emt 0:07:12]} Rc7 {[%emt 0:01:06]} 50. Bb7 {[%emt 0:01:05]} Rcd7 {[%emt 0:05:28]} 51. Rb2 {[%emt 0:01:04]} Bb8 {[%emt 0:01:06]} 52. Rf2+ {[%emt 0:00:52]} Ke7 {[%emt 0:00:51]} 53. a6 {[%emt 0:01:43]} Ng6 {[%emt 0:00:48]} 54. Ra2 {[%emt 0:02:51]} Rd1 {[%emt 0:00:32]} 55. Qb6 {[%emt 0:00:33]} Nh4+ {[%emt 0:01:03]} 56. Kf2 {[%emt 0:00:06]} R1d2+ {[%emt 0:00:00]} 57. Rxd2 {[%emt 0:00:09]} Rxd2+ {[%emt 0:00:06]} 58. Ke1 {[%emt 0:00:15]} Ra2 {[%emt 0:00:05]} 59. Qxc5+ {[%emt 0:00:06]} Kf6 {[%emt 0:00:10]} 60. Qd4+ {[%emt 0:00:39]} Ke7 {[%emt 0:00:49]} 61. Kd1 {[%emt 0:01:07]} Ng6 {[%emt 0:00:35]} 62. Be4 {[%emt 0:00:40]} Ne5 {[%emt 0:01:05]} 63. Qb6 {[%emt 0:00:45]} Nd7 {[%emt 0:00:34]} 64. Qb7 {[%emt 0:00:23]} Kd6 {[%emt 0:00:22]} 65. c5+ {[%emt 0:00:24]} Kxc5 {[%emt 0:01:14]} 1-0

[Event "SRB-chT Men 1st League 2019"]
[Site "Subotica"]
[Date "2019.08.26"]
[Round "5.1"]
[White "Predojevic, Borki"]
[Black "Rakhmanov, Aleksandr"]
[Result "1/2-1/2"]
[WhiteElo "2618"]
[BlackElo "2606"]
[Annotator "TA"]
[PlyCount "25"]
[EventDate "2019.08.23"]
[EventType "team-tourn"]
[EventCountry "SRB"]
[SourceTitle "playchess.com"]
[Source "ChessBase"]
[SourceQuality "1"]

{[%evp 9,25,10,22,14,14,9,27,16,12,13,18,11,17,13,8,6,13,7]} 1. e4 e5 2. Nf3 Nf6 3. Nxe5 d6 4. Nd3 $146 (4. Nf3 Nxe4 5. d4 d5 6. Bd3 Bd6 7. O-O O-O 8. c4 c6 9. Re1 Bf5 10. Qb3 Qd7 11. Nc3 Nxc3 12. Bxf5 Qxf5 13. bxc3 b6 14. Bg5 dxc4 15. Qxc4 b5 16. Qb3 Nd7 17. Be7 Bxe7 18. Rxe7 {½-½ (30) Naiditsch,A (2695)-Wang,H (2726) China 2019}) 4... Nxe4 5. Qe2 Qe7 6. Nc3 {[#] Black must now prevent Nd5. C42: Petroff Defence: 3 Nxe5 and unusual White 3rd moves} Nf6 7. Nf4 c6 8. d4 {White has an edge.} Qxe2+ {The position is equal.} 9. Bxe2 Bf5 10. Bd3 Bxd3 11. Nxd3 Na6 12. Bg5 Be7 13. O-O-O 1/2-1/2

[Event "SRB-chT Men 1st League 2019"]
[Site "Subotica"]
[Date "2019.08.26"]
[Round "5.2"]
[White "Perunovic, Milos"]
[Black "Radovanovic, Mihajlo"]
[Result "1-0"]
[WhiteElo "2569"]
[BlackElo "2496"]
[Annotator "ChessBase"]
[PlyCount "51"]
[EventDate "2019.08.23"]
[EventType "team-tourn"]
[EventCountry "SRB"]
[SourceTitle "playchess.com"]
[Source "ChessBase"]
[SourceQuality "1"]
[TimeControl "40/5400+30:1800+30"]

1. e4 {[%emt 0:00:00]} c5 {[%emt 0:00:00]} 2. Nf3 {[%emt 0:00:18]} d6 {[%emt 0:00:00]} 3. d4 {[%emt 0:00:49]} cxd4 {[%emt 0:00:00]} 4. Nxd4 {[%emt 0:00:11]} Nf6 {[%emt 0:00:00]} 5. Nc3 {[%emt 0:00:17]} a6 {[%emt 0:00:05]} 6. Bg5 {[%emt 0:01:41]} e6 {[%emt 0:00:43]} 7. f4 {[%emt 0:00:24]} h6 {[%emt 0:00:27]} 8. Bh4 {[%emt 0:00:16]} Qb6 {[%emt 0:00:07]} 9. Qd2 {[%emt 0:06:12]} Qxb2 {[%emt 0:00:43]} 10. Rb1 {[%emt 0:00:07]} Qa3 {[%emt 0:00:04]} 11. Bxf6 {[%emt 0:00:09]} gxf6 {[%emt 0:00:11]} 12. Be2 {[%emt 0:00:05]} h5 {[%emt 0:01:23]} 13. O-O {[%emt 0:00:21]} Nd7 {[%emt 0:18:08]} 14. Kh1 {[%emt 0:03:46]} Qc5 {[%emt 0:01:46]} 15. Na4 {[%emt 0:16:45]} Qc7 {[%emt 0:02:29]} 16. c4 {[%emt 0:12:03]} h4 {[%emt 0:11:05]} 17. f5 {[%emt 0:04:53]} Bh6 {[%emt 0:05:50]} 18. Qd1 {[%emt 0:11:43]} e5 {[%emt 0:09:45]} 19. Ne6 {[%emt 0:12:36]} Qc6 {[%emt 0:10:59]} 20. Nc3 {[%emt 0:01:59]} Nc5 {[%emt 0:07:44]} 21. Bh5 {[%emt 0:09:23]} Nxe6 {[%emt 0:10:13]} 22. fxe6 {[%emt 0:00:50]} Bxe6 {[%emt 0:00:05]} 23. Rxf6 {[%emt 0:00:30]} Kf8 {[%emt 0:11:25]} 24. Nd5 {[%emt 0:03:16]} Re8 {[%emt 0:01:11]} 25. Bxf7 {[%emt 0:03:58]} Bxf7 {[%emt 0:00:22]} 26. Qh5 {[%emt 0:03:24]} 1-0

[Event "SRB-chT Men 1st League 2019"]
[Site "Subotica"]
[Date "2019.08.26"]
[Round "5.3"]
[White "Vuckovic, Bojan"]
[Black "Damljanovic, Branko"]
[Result "1-0"]
[WhiteElo "2581"]
[BlackElo "2483"]
[Annotator "ChessBase"]
[PlyCount "90"]
[EventDate "2019.08.23"]
[EventType "team-tourn"]
[EventCountry "SRB"]
[SourceTitle "playchess.com"]
[Source "ChessBase"]
[SourceQuality "1"]
[TimeControl "40/5400+30:1800+30"]

1. e4 {[%emt 0:00:00]} c5 {[%emt 0:00:20]} 2. Nf3 {[%emt 0:00:33]} d6 {[%emt 0:01:53]} 3. d4 {[%emt 0:00:16]} cxd4 {[%emt 0:00:07]} 4. Nxd4 {[%emt 0:00:05]} Nf6 {[%emt 0:00:08]} 5. Nc3 {[%emt 0:00:04]} a6 {[%emt 0:00:08]} 6. Be3 {[%emt 0:03:23]} e6 {[%emt 0:11:43]} 7. g4 {[%emt 0:02:34]} d5 {[%emt 0:01:34]} 8. e5 {[%emt 0:20:02]} Nfd7 {[%emt 0:05:49]} 9. f4 {[%emt 0:00:16]} Nc6 {[%emt 0:00:05]} 10. Qf3 {[%emt 0:02:03]} Bb4 {[%emt 0:05:11]} 11. Bd3 {[%emt 0:04:01]} Bc5 {[%emt 0:38:11]} 12. Nce2 {[%emt 0:12:12]} Bb4+ {[%emt 0:07:08]} 13. Kf2 {[%emt 0:05:46]} Be7 {[%emt 0:01:10]} 14. h4 {[%emt 0:03:46]} Nc5 {[%emt 0:01:45]} 15. h5 {[%emt 0:16:12]} Bd7 {[%emt 0:02:29]} 16. g5 {[%emt 0:02:59]} Qb6 {[%emt 0:09:54]} 17. g6 {[%emt 0:03:00]} fxg6 {[%emt 0:03:24]} 18. hxg6 {[%emt 0:04:57]} h6 {[%emt 0:00:02]} 19. Kg3 {[%emt 0:01:15]} Rf8 {[%emt 0:03:05]} 20. Nxc6 {[%emt 0:03:31]} bxc6 {[%emt 0:03:14]} 21. a3 {[%emt 0:05:22]} Qc7 {[%emt 0:00:07]} 22. b4 {[%emt 0:00:22]} Na4 {[%emt 0:00:06]} 23. c4 {[%emt 0:02:59]} Nb2 {[%emt 0:00:11]} 24. Bd4 {[%emt 0:00:23]} Nxd3 {[%emt 0:00:45]} 25. Qxd3 {[%emt 0:00:11]} a5 {[%emt 0:00:04]} 26. Bc5 {[%emt 0:02:15]} Bxc5 {[%emt 0:03:16]} 27. bxc5 {[%emt 0:00:06]} Rb8 {[%emt 0:00:13]} 28. Rab1 {[%emt 0:00:39]} Ke7 {[%emt 0:00:03]} 29. Rxb8 {[%emt 0:02:40]} Rxb8 {[%emt 0:00:15]} 30. Rb1 {[%emt 0:00:51]} Qa7 {[%emt 0:01:16]} 31. cxd5 {[%emt 0:00:48]} exd5 {[%emt 0:01:16]} 32. Rxb8 {[%emt 0:00:52]} Qxb8 {[%emt 0:00:01]} 33. Nd4 {[%emt 0:00:14]} Qb2 {[%emt 0:00:25]} 34. e6 {[%emt 0:01:20]} Be8 {[%emt 0:00:07]} 35. Nf5+ {[%emt 0:00:57]} Kf6 {[%emt 0:00:12]} 36. Nd6 {[%emt 0:00:33]} Bxg6 {[%emt 0:00:19]} 37. Qe3 {[%emt 0:00:18]} Ke7 {[%emt 0:01:14]} 38. Nc8+ {[%emt 0:00:24]} Kd8 {[%emt 0:00:04]} 39. e7+ {[%emt 0:00:19]} Kd7 {[%emt 0:00:43]} 40. f5 {[%emt 0:00:00]} Bf7 {[%emt 0:00:00]} 41. Nd6 {[%emt 0:02:38]} Qb8 {[%emt 0:04:17]} 42. e8=Q+ {[%emt 0:03:07]} Bxe8 {[%emt 0:00:01]} 43. Qe6+ {[%emt 0:00:10]} Kc7 {[%emt 0:00:01]} 44. Qxe8 {[%emt 0:01:21]} Qb3+ {[%emt 0:02:33]} 45. Kf4 {[%emt 0:00:09]} Qa4+ {[%emt 0:27:41] Ke4} 1-0